| 000 | 00654nam a2200265 a 4500 | ||
|---|---|---|---|
| 001 | nice12345678 | ||
| 003 | IN_TiNIC | ||
| 005 | 20260116012829.0 | ||
| 008 | 050524s1969 newa grp 000 0 eng | ||
| 020 |
_a _c35 |
||
| 082 | 0 | 0 |
_a297.8 _bBHA1 |
| 100 | _aBhatnagar, S K | ||
| 245 | _aHistory of the M.A.O. College Aligarh | ||
| 260 |
_aNew Delhi _bCaslon Press _c1969 |
||
| 300 | _a373p | ||
| 500 | _aincludes index and biblioraphy | ||
| 505 | 2 | _aIndex | |
| 650 | _aAligarh-Muslims | ||
| 650 | _aAligarh Muslim University | ||
| 650 | _aIslamic-Education | ||
| 700 | 1 | _aBhatnagar, S K | |
| 902 | _bSRS | ||
| 942 | _cBK | ||
| 999 |
_c8555 _d8555 |
||